[Event "British Rapidplay"]
[Site "Peterborough"]
[Date "2024.03.03"]
[Round "8"]
[White "Crawford, Owen"]
[Black "Fellowes, Billy"]
[Result "1-0"]
[WhiteElo "2010"]
[BlackElo "1969"]
[PlyCount "113"]
[EventDate "2024.03.02"]
[EventType "swiss (rapid)"]
[EventRounds "11"]
[EventCountry "ENG"]
[SourceTitle "CB10_2024"]
[SourceDate "2024.03.06"]
[SourceVersion "1"]
[SourceVersionDate "2024.03.06"]
[SourceQuality "1"]

1. e4 Nc6 2. d4 d5 3. e5 Bf5 4. c3 f6 5. Bb5 fxe5 6. Nf3 exd4 7. Nxd4 Bd7 8. Qh5+ g6 9. Qxd5 Nf6 10. Qb3 Nxd4 11. cxd4 c6 12. Bc4 Qc7 13. Bf7+ Kd8 14. Bc4 Bg7 15. Nc3 e6 16. Bg5 Kc8 17. a4 Nd5 18. Bxd5 exd5 19. Be3 Qb6 20. Qd1 Qa6 21. Rc1 Be6 22. Qf3 Rf8 23. Qg3 Kd7 24. Nb5 cxb5 25. Qc7+ Ke8 26. Qxg7 Rc8 27. Rxc8+ Bxc8 28. 0-0 Be6 29. Bg5 Qd6 30. axb5 Rf7 31. Qh8+ Rf8 32. Qxh7 Rf7 33. Qg8+ Qf8 34. Qxg6 Kd7 35. Bh4 Rg7 36. Qd3 Qb4 37. b3 Rf7 38. Bg3 Re7 39. Rc1 Kd8 40. Bh4 Bf7 41. Qe3 Kd7 42. Qxe7+ Qxe7 43. Bxe7 Kxe7 44. Rc7+ Ke6 45. Rxb7 Bg6 46. Rxa7 Bd3 47. b6 Kd6 48. Rc7 Ba6 49. h4 Be2 50. Rc1 Ba6 51. h5 Bb7 52. h6 Ke6 53. h7 Ba6 54. h8Q Bb7 55. Qe5+ Kf7 56. Rc7+ Kf8 57. Qh8# 1-0

[Event "British Rapidplay"]
[Site "Peterborough"]
[Date "2024.03.02"]
[Round "3"]
[White "Khoury, Theo"]
[Black "Crawford, Owen"]
[Result "1-0"]
[WhiteElo "2113"]
[BlackElo "2010"]
[PlyCount "71"]
[EventDate "2024.03.02"]
[EventType "swiss (rapid)"]
[EventRounds "11"]
[EventCountry "ENG"]
[SourceTitle "CB10_2024"]
[SourceDate "2024.03.06"]
[SourceVersion "1"]
[SourceVersionDate "2024.03.06"]
[SourceQuality "1"]

1. e4 e5 2. Nf3 Nc6 3. d4 exd4 4. Nxd4 Nf6 5. Nxc6 bxc6 6. e5 Qe7 7. Qe2 Nd5 8. h4 Qe6 9. Nd2 f6 10. exf6 Qxe2+ 11. Bxe2 Nxf6 12. 0-0 Be7 13. Re1 Kf7 14. Nf3 Re8 15. Bf4 d6 16. Rad1 Kf8 17. Bc4 d5 18. Bd3 Bd6 19. Bg5 Bg4 20. Bxf6 gxf6 21. Bxh7 Kg7 22. Bd3 Bxf3 23. gxf3 Rh8 24. Kg2 Rxh4 25. Rh1 Rah8 26. Rxh4 Rxh4 27. Bf5 Ra4 28. a3 Be5 29. c3 Kf8 30. Rh1 Ke7 31. Rh7+ Kd6 32. Rd7+ Kc5 33. Bd3 Rh4 34. Rd8 Rh2+ 35. Kg1 Rh3 36. b4+ 1-0